Name the Creator - Statistics

General Stats
  • This quiz has been taken 16 times
  • The average score is 27 of 52
Answer Stats
Hint Answer % Correct
Harry Potter J.K. Rowling
100%
Gollum J.R.R. Tolkien
93%
Sherlock Holmes Arthur Conan Doyle
87%
Atticus Finch Harper Lee
87%
James Bond Ian Fleming
87%
Tom Sawyer Mark Twain
87%
Shere Khan Rudyard Kipling
87%
Jay Gatsby F. Scott Fitzgerald
80%
Anna Karenina Leo Tolstoy
80%
Dorian Gray Oscar Wilde
80%
Holden Caulfield J.D. Salinger
73%
Robert Langdon Dan Brown
67%
Elizabeth Bennet Jane Austen
67%
Dorothy Gale L. Frank Baum
67%
Philip Pirrip Charles Dickens
60%
Tarzan Edgar Rice Burroughs
60%
Daenerys Targaryen George R.R. Martin
60%
Leopold Bloom James Joyce
60%
Scarlett O'Hara Margaret Mitchell
60%
Hester Prynne Nathaniel Hawthorne
60%
Bella Swan Stephenie Meyer
60%
Jack Torrance Stephen King
60%
Holly Golightly Truman Capote
60%
Humbert Humbert Vladimir Nabokov
60%
Tyler Durden Chuck Palahniuk
53%
Winston Smith George Orwell
53%
Bridget Jones Helen Fielding
53%
Nurse Ratched Ken Kesey
53%
Lisbeth Salander Stieg Larsson
53%
Katniss Everdeen Suzanne Collins
53%
Jonathan Harker Bram Stoker
47%
Anton Chigurh Cormac McCarthy
47%
Jim Hawkins Robert Louis Stevenson
47%
Arthur Dent Douglas Adams
40%
Alex Cross James Patterson
40%
Jason Bourne Robert Ludlum
40%
Adrian Mole Sue Townsend
40%
Dr. Hannibal Lecter Thomas Harris
40%
Patrick Bateman Bret Easton Ellis
33%
Paul Atreides Frank Herbert
33%
Hazel Grace Lancaster John Green
33%
Ender Wiggin Orson Scott Card
33%
Mary Poppins P.L. Travers
33%
Philip Marlowe Raymond Chandler
33%
Dexter Morgan Jeff Lindsay
27%
Harry Angstrom John Updike
27%
Louis de Pointe du Lac Anne Rice
20%
Sean Dillon Jack Higgins
20%
Titus Groan Mervyn Peake
13%
Arthur Kipps Susan Hill
13%
Granny Weatherwax Terry Pratchett
13%
Richard Papen Donna Tartt
7%
No matching quizzes found
Score Distribution
Percent of People with Each Score
Percentile by Number Answered
Your Score History
You have not taken this quiz